Normal view
MARC view
Entry Personal Name
001 - CONTROL NUMBER
- control field: 18543
003 - CONTROL NUMBER IDENTIFIER
- control field: OSt
005 - DATE AND TIME OF LATEST TRANSACTION
- control field: 20201012143327.0
008 - FIXED-LENGTH DATA ELEMENTS
- fixed length control field: 201012|| aca||aabn | a|a d
040 ## - CATALOGING SOURCE
- Original cataloging agency: OSt
- Transcribing agency: OSt
100 ## - HEADING--PERSONAL NAME
- Personal name: Gerarden, Todd D., W. Spencer Reeder, and James H. Stock
670 ## - SOURCE DATA FOUND
- Source citation: Work cat.: (OSt): Gerarden, Todd D., W. Spencer Reeder, and James H. Stock, Federal coal program reform, the clean power plan, and the interaction of upstream and downstream climate policies
